Harry Potter and the chamber of secrets (Record no. 51361)

MARC details
000 -LEADER
fixed length control field 00642nam a2200241 i 4500
001 - CONTROL NUMBER
control field C2-0235344
003 - CONTROL NUMBER IDENTIFIER
control field PPAK
005 - DATE AND TIME OF LATEST TRANSACTION
control field 20180727195444.0
008 - FIXED-LENGTH DATA ELEMENTS--GENERAL INFORMATION
fixed length control field 010904s1998 enk |||| ||||| | eng d
020 ## - INTERNATIONAL STANDARD BOOK NUMBER
International Standard Book Number 0747538484
040 ## - CATALOGING SOURCE
Original cataloging agency PPAK
Language of cataloging eng
Transcribing agency PPAK
Description conventions rda
082 04 - DEWEY DECIMAL CLASSIFICATION NUMBER
Classification number 823
Edition number 23
090 00 - LOCALLY ASSIGNED LC-TYPE CALL NUMBER (OCLC); LOCAL CALL NUMBER (RLIN)
Classification number (OCLC) (R) ; Classification number, CALL (RLIN) (NR) 823
Feature heading ROW
Feature heading G
100 1# - MAIN ENTRY--PERSONAL NAME
Personal name Rowling, J.K.,
Relator term author
245 10 - TITLE STATEMENT
Title Harry Potter and the chamber of secrets
264 #1 - PRODUCTION, PUBLICATION, DISTRIBUTION, MANUFACTURE, AND COPYRIGHT NOTICE
Place of production, publication, distribution, manufacture London :
Name of producer, publisher, distributor, manufacturer Bloomsbury Publishing ,
Date of production, publication, distribution, manufacture, or copyright notice 1998
300 ## - PHYSICAL DESCRIPTION
Extent 251 pages ;
Dimensions 20 cm
336 ## - CONTENT TYPE
Source rdacontent
Content type term text
337 ## - MEDIA TYPE
Source rdamedia
Media type term unmediated
338 ## - CARRIER TYPE
Source rdacarrier
Carrier type term volume
650 10 - SUBJECT ADDED ENTRY--TOPICAL TERM
Topical term or geographic name entry element English fiction
942 ## - ADDED ENTRY ELEMENTS (KOHA)
-- dc
Koha item type Book
Holdings
Withdrawn Not for loan Current library Shelving location Date acquired Total Checkouts Full call number Barcode Date last seen Date last checked out Koha item type Total Renewals
    Perpustakaan Baling Pinjaman Dewasa 11/05/2003 2 823 ROW A01028152 20/09/2025 16/08/2025 Book  
    Perpustakaan Kulim Pinjaman Dewasa 08/10/2002 2 823 ROW A01016161 31/07/2022 19/07/2022 Book  
    Perpustakaan Kulim Pinjaman Dewasa 08/10/2002   823 ROW A01016164 08/05/2018   Book  
    Perpustakaan Kulim Pinjaman Dewasa 08/10/2002 5 823 ROW A01016167 20/01/2026 03/01/2026 Book 2
    Perpustakaan Kulim Pinjaman Dewasa 08/10/2002   823 ROW A01016168 08/05/2018   Book  
    PD36, Kg. Kuala Lanjut, Kota Star Pinjaman Dewasa 21/05/2003   823 ROW A01045604 08/05/2018   Book